Calculus of several variable (Record no. 13855)

000 -LEADER
fixed length control field 00500nam a22001937a 4500
001 - CONTROL NUMBER
control field 13855
003 - CONTROL NUMBER IDENTIFIER
control field BD-DhUET
008 - FIXED-LENGTH DATA ELEMENTS--GENERAL INFORMATION
fixed length control field 150305b xxu||||| |||| 00| 0 eng d
040 ## - CATALOGING SOURCE
Transcribing agency DLC
Modifying agency BD-DhUET
082 ## - DEWEY DECIMAL CLASSIFICATION NUMBER
Classification number 517.8
Item number MCL/1968
100 ## - MAIN ENTRY--PERSONAL NAME
Personal name McLchlan, E. K.
245 ## - TITLE STATEMENT
Title Calculus of several variable
250 ## - EDITION STATEMENT
Edition statement 1st ed.
260 ## - PUBLICATION, DISTRIBUTION, ETC. (IMPRINT)
Place of publication, distribution, etc. California
Name of publisher, distributor, etc. Brooks/Cole Publishing
Date of publication, distribution, etc. 1968
300 ## - PHYSICAL DESCRIPTION
Extent xiii,384p.
504 ## - BIBLIOGRAPHY, ETC. NOTE
Bibliography, etc Includes bibliographies
650 #0 - SUBJECT ADDED ENTRY--TOPICAL TERM
Topical term or geographic name as entry element Calculus - Complex variables
942 ## - ADDED ENTRY ELEMENTS (KOHA)
Koha item type General Book
Holdings
Withdrawn status Shelving location Damaged status Piece designation (barcode) Lost status Copy number Koha date last seen Sublocation or collection (holding branch) Price effective from Koha issues (times borrowed) Koha full call number Source of classification or shelving scheme Koha normalized classification for sorting Date acquired Koha date last borrowed Koha item type Location (home branch) Not for loan
 Circulation section 37002 12015-03-05Central Library, BUET2015-03-05 517.8/MCL/1968 517_800000000000000_MCL_19682015-03-05 General BookCentral Library, BUET 
 Circulation section 18341 22018-01-13Central Library, BUET2015-04-081517.8/MCL/1968 517_800000000000000_MCL_19682015-04-082017-12-17General BookCentral Library, BUET